[Event "68. Unterfränkische Einzelmeisterschaft 2017"]
[Site "Sailauf in Ufr."]
[Date "2017.04.20"]
[Round "6.8"]
[White "Mueller, Lutz"]
[Black "Matis, Paul"]
[Result "1-0"]
[BlackElo "1773"]
[WhiteElo "2043"]
[LiveChessVersion "1.4.8"]

1. d4 {[%clk 1:30:58]} Nf6 {[%clk 1:30:31]} 2. Nf3 {[%clk 1:31:26]} e6
{[%clk 1:30:39]} 3. e3 {[%clk 1:31:49]} b6 {[%clk 1:30:40]} 4. Bd3
{[%clk 1:32:07]} Bb7 {[%clk 1:30:48]} 5. Nbd2 {[%clk 1:32:26]} h6
{[%clk 1:29:09]} 6. b3 {[%clk 1:31:40]} c5 {[%clk 1:25:46]} 7. Bb2
{[%clk 1:30:38]} Nc6 {[%clk 1:25:25]} 8. a3 {[%clk 1:30:51]} cxd4
{[%clk 1:25:13]} 9. exd4 {[%clk 1:31:08]} d5 {[%clk 1:22:04]} 10. Qe2
{[%clk 1:29:41]} Bd6 {[%clk 1:20:45]} 11. Ne5 {[%clk 1:26:38]} Bxe5
{[%clk 1:17:37]} 12. dxe5 {[%clk 1:26:55]} Nd7 {[%clk 1:17:41]} 13. c4
{[%clk 1:12:19]} Ne7 {[%clk 1:14:35]} 14. O-O-O {[%clk 1:04:58]} g6
{[%clk 1:10:23]} 15. Kb1 {[%clk 1:03:01]} Nc5 {[%clk 1:06:48]} 16. Bc2
{[%clk 1:01:34]} O-O {[%clk 1:04:58]} 17. Qe3 {[%clk 0:52:19]} Kh7
{[%clk 1:04:48]} 18. Qh3 {[%clk 0:52:07]} Ng8 {[%clk 1:04:31]} 19. f4
{[%clk 0:50:35]} Qe7 {[%clk 1:04:23]} 20. Rhe1 {[%clk 0:45:48]} Rad8
{[%clk 1:04:08]} 21. cxd5 {[%clk 0:33:39]} Bxd5 {[%clk 1:02:21]} 22. g4
{[%clk 0:33:23]} Qb7 {[%clk 0:59:22]} 23. Qe3 {[%clk 0:28:56]} a5
{[%clk 0:58:55]} 24. f5 {[%clk 0:28:26]} a4 {[%clk 0:58:42]} 25. b4
{[%clk 0:27:58]} Nb3 {[%clk 0:54:37]} 26. Ne4 {[%clk 0:23:14]} Qc7
{[%clk 0:49:46]} 27. Nc3 {[%clk 0:17:18]} Bc4 {[%clk 0:48:46]} 28. Nxa4
{[%clk 0:15:56]} b5 {[%clk 0:45:29]} 29. Nc3 {[%clk 0:13:10]} Na5
{[%clk 0:39:57]} 30. bxa5 {[%clk 0:12:14]} Qxa5 {[%clk 0:40:26]} 31. Qc5
{[%clk 0:11:21]} Rc8 {[%clk 0:39:56]} 32. Qb4 {[%clk 0:11:15]} Qa8
{[%clk 0:40:06]} 33. Rd7 {[%clk 0:10:30]} Qf3 {[%clk 0:33:26]} 34. fxg6+
{[%clk 0:08:47]} Kg7 {[%clk 0:33:54]} 35. Ne4 {[%clk 0:07:57]} Bd5
{[%clk 0:31:47]} 36. Rxd5 {[%clk 0:02:20]} Rc4 {[%clk 0:26:45]} 37. Qb3
{[%clk 0:02:14]} Qxb3 {[%clk 0:25:34]} 38. Bxb3 {[%clk 0:02:38]} exd5
{[%clk 0:23:59]} 39. Bxc4 {[%clk 0:02:13]} bxc4 {[%clk 0:24:06]} 40. gxf7
{[%clk 0:01:50]} 1-0

[Event "68. Unterfränkische Einzelmeisterschaft 2017"]
[Site "Sailauf in Ufr."]
[Date "2017.04.21"]
[Round "8.2"]
[White "Hofstetter, Hans-Joachim"]
[Black "Schricker, Jochen"]
[Result "1/2-1/2"]
[BlackElo "2014"]
[WhiteElo "2243"]
[LiveChessVersion "1.4.8"]

1. e4 {[%clk 1:30:44]} c5 {[%clk 1:30:56]} 2. Nf3 {[%clk 1:30:47]} g6
{[%clk 1:31:22]} 3. c3 {[%clk 1:31:05]} Bg7 {[%clk 1:31:34]} 4. d4
{[%clk 1:30:44]} cxd4 {[%clk 1:31:58]} 5. cxd4 {[%clk 1:31:05]} d5
{[%clk 1:32:24]} 6. exd5 {[%clk 1:31:23]} Nf6 {[%clk 1:32:28]} 7. Bb5+
{[%clk 1:31:37]} Nbd7 {[%clk 1:32:11]} 8. Nc3 {[%clk 1:31:32]} O-O
{[%clk 1:31:12]} 9. d6 {[%clk 1:30:00]} exd6 {[%clk 1:31:17]} 10. O-O
{[%clk 1:30:21]} a6 {[%clk 1:29:08]} 11. Be2 {[%clk 1:27:21]} b5 {[%clk 1:24:45]}
12. Qb3 {[%clk 1:26:39]} Nb6 {[%clk 1:23:09]} 13. Bg5 {[%clk 1:21:53]} h6
{[%clk 1:21:03]} 14. Bh4 {[%clk 1:18:20]} g5 {[%clk 1:13:01]} 15. Bg3
{[%clk 1:18:12]} Be6 {[%clk 1:13:31]} 16. Qb4 {[%clk 1:18:18]} d5
{[%clk 0:54:56]} 17. Ne5 {[%clk 1:12:36]} Nc4 {[%clk 0:51:33]} 18. Rfe1
{[%clk 1:00:31]} Re8 {[%clk 0:44:45]} 19. Nxc4 {[%clk 0:48:47]} bxc4
{[%clk 0:39:57]} 20. Qa4 {[%clk 0:45:22]} Qb6 {[%clk 0:39:58]} 21. Bf3
{[%clk 0:43:32]} Qxb2 {[%clk 0:28:58]} 22. Qa5 {[%clk 0:35:12]} Ne4
{[%clk 0:21:38]} 23. Bxe4 {[%clk 0:30:07]} dxe4 {[%clk 0:21:13]} 24. Rab1
{[%clk 0:29:03]} Qc2 {[%clk 0:19:05]} 25. Re2 {[%clk 0:27:34]} Qd3
{[%clk 0:19:17]} 26. Rd1 {[%clk 0:26:01]} Bxd4 {[%clk 0:19:04]} 27. Rxd3
{[%clk 0:23:49]} exd3 {[%clk 0:18:11]} 28. Rd2 {[%clk 0:19:59]} Bg4
{[%clk 0:14:50]} 29. h3 {[%clk 0:18:53]} Bh5 {[%clk 0:14:32]} 30. Bd6
{[%clk 0:15:01]} Re1+ {[%clk 0:14:31]} 31. Kh2 {[%clk 0:15:30]} Rc1
{[%clk 0:12:55]} 32. Be5 {[%clk 0:15:21]} Bxe5+ {[%clk 0:09:09]} 33. Qxe5
{[%clk 0:15:49]} Rc2 {[%clk 0:09:19]} 34. Qd5 {[%clk 0:12:11]} Re8
{[%clk 0:06:32]} 35. Ne4 {[%clk 0:07:09]} Rxe4 {[%clk 0:04:15]} 36. Qxe4
{[%clk 0:06:58]} Rxd2 {[%clk 0:04:28]} 37. Qxc4 {[%clk 0:07:24]} Bg6
{[%clk 0:03:37]} 38. f3 {[%clk 0:04:13]} Rc2 {[%clk 0:03:10]} 39. Qxa6
{[%clk 0:04:19]} d2 {[%clk 0:03:00]} 40. Qd6 Rxa2 {[%clk 0:03:19]} 41. Qd5
{[%clk 0:03:34]} Rc2 {[%clk 0:03:31]} 42. Qd8+ {[%clk 0:03:38]} Kh7
{[%clk 0:03:11]} 43. Qd5 {[%clk 0:04:01]} 1/2-1/2

[Event "68. Unterfränkische Einzelmeisterschaft 2017"]
[Site "Sailauf in Ufr."]
[Date "2017.04.21"]
[Round "8.3"]
[White "Kuhn, Tobias"]
[Black "Link, Klaus"]
[Result "1/2-1/2"]
[BlackElo "1957"]
[WhiteElo "2207"]
[LiveChessVersion "1.4.8"]

1. e4 {[%clk 1:30:56]} c6 {[%clk 1:29:53]} 2. d4 {[%clk 1:31:00]} d5
{[%clk 1:30:18]} 3. Nc3 {[%clk 1:31:24]} dxe4 {[%clk 1:30:42]} 4. Nxe4
{[%clk 1:31:49]} Nd7 {[%clk 1:31:06]} 5. Nf3 {[%clk 1:30:52]} Ngf6
{[%clk 1:31:15]} 6. Nxf6+ {[%clk 1:30:29]} Nxf6 {[%clk 1:31:38]} 7. Bc4
{[%clk 1:24:37]} e6 {[%clk 1:30:05]} 8. O-O {[%clk 1:21:40]} Be7 {[%clk 1:28:35]}
9. a3 {[%clk 1:18:31]} O-O {[%clk 1:28:12]} 10. b4 {[%clk 1:14:46]} a5
{[%clk 1:26:25]} 11. b5 {[%clk 1:07:24]} cxb5 {[%clk 1:22:25]} 12. Bxb5
{[%clk 1:07:41]} Bd7 {[%clk 1:14:52]} 13. Qd3 {[%clk 0:55:17]} Bxb5
{[%clk 1:10:50]} 14. Qxb5 {[%clk 0:55:38]} Qd5 {[%clk 1:10:43]} 15. Rb1
{[%clk 0:55:13]} 1/2-1/2

[Event "68. Unterfränkische Einzelmeisterschaft 2017"]
[Site "Sailauf in Ufr."]
[Date "2017.04.21"]
[Round "8.5"]
[White "Basel, Matthias"]
[Black "Helm, Timo"]
[Result "0-1"]
[BlackElo "1999"]
[WhiteElo "2090"]
[LiveChessVersion "1.4.8"]

1. d4 {[%clk 1:30:49]} e6 {[%clk 1:30:47]} 2. Nf3 {[%clk 1:31:11]} f5
{[%clk 1:30:20]} 3. g3 {[%clk 1:31:21]} d5 {[%clk 1:30:06]} 4. Bg2
{[%clk 1:31:32]} Bd6 {[%clk 1:30:27]} 5. c4 {[%clk 1:31:21]} c6 {[%clk 1:30:53]}
6. Nc3 {[%clk 1:30:26]} Nf6 {[%clk 1:31:18]} 7. O-O {[%clk 1:29:47]} O-O
{[%clk 1:31:22]} 8. b3 {[%clk 1:27:59]} Nbd7 {[%clk 1:29:02]} 9. Bb2
{[%clk 1:28:09]} Ne4 {[%clk 1:28:02]} 10. Qc2 {[%clk 1:26:38]} Qe8
{[%clk 1:24:28]} 11. e3 {[%clk 1:12:36]} Qh5 {[%clk 1:17:17]} 12. Ne2
{[%clk 1:10:02]} Ng5 {[%clk 1:10:58]} 13. Nxg5 {[%clk 1:02:32]} Qxg5
{[%clk 1:10:55]} 14. f4 {[%clk 1:02:53]} Qe7 {[%clk 1:10:24]} 15. c5
{[%clk 1:01:33]} Bc7 {[%clk 1:10:38]} 16. b4 {[%clk 1:01:19]} Nf6
{[%clk 1:09:43]} 17. Nc3 {[%clk 1:00:46]} Bd7 {[%clk 1:09:35]} 18. a4
{[%clk 1:00:26]} a6 {[%clk 1:06:57]} 19. Ba3 {[%clk 0:59:56]} h6 {[%clk 1:01:21]}
20. Rfb1 {[%clk 0:52:53]} g5 {[%clk 1:00:01]} 21. Rb3 {[%clk 0:46:02]} h5
{[%clk 0:55:26]} 22. b5 {[%clk 0:36:56]} axb5 {[%clk 0:55:21]} 23. axb5
{[%clk 0:37:21]} h4 {[%clk 0:54:56]} 24. Qb2 {[%clk 0:30:14]} Qh7
{[%clk 0:51:06]} 25. b6 {[%clk 0:24:09]} Bb8 {[%clk 0:51:00]} 26. Nd1
{[%clk 0:19:19]} hxg3 {[%clk 0:48:35]} 27. hxg3 {[%clk 0:19:42]} Kf7
{[%clk 0:48:14]} 28. Bf3 {[%clk 0:14:16]} Rh8 {[%clk 0:44:28]} 29. Qg2
{[%clk 0:14:34]} gxf4 {[%clk 0:43:59]} 30. exf4 {[%clk 0:14:51]} Bxf4
{[%clk 0:44:16]} 31. Bb2 {[%clk 0:06:26]} Rxa1 {[%clk 0:44:10]} 32. Bxa1
{[%clk 0:06:51]} Bxg3 {[%clk 0:44:30]} 0-1

[Event "68. Unterfränkische Einzelmeisterschaft 2017"]
[Site "Sailauf in Ufr."]
[Date "2017.04.21"]
[Round "8.6"]
[White "Kunz, Konstantin"]
[Black "Vogt, Thomas"]
[Result "1-0"]
[BlackElo "2025"]
[WhiteElo "2199"]
[LiveChessVersion "1.4.8"]

1. d4 {[%clk 1:29:34]} Nf6 {[%clk 1:30:51]} 2. Bf4 {[%clk 1:29:55]} d5
{[%clk 1:26:43]} 3. e3 {[%clk 1:30:07]} e6 {[%clk 1:22:09]} 4. Nd2
{[%clk 1:28:27]} Be7 {[%clk 1:19:42]} 5. Bd3 {[%clk 1:26:53]} c5 {[%clk 1:17:41]}
6. c3 {[%clk 1:27:04]} c4 {[%clk 1:15:54]} 7. Bc2 {[%clk 1:26:53]} b5
{[%clk 1:15:36]} 8. Ngf3 {[%clk 1:24:20]} Bb7 {[%clk 1:13:16]} 9. O-O
{[%clk 1:22:38]} Nbd7 {[%clk 1:10:36]} 10. Qb1 {[%clk 1:16:18]} O-O
{[%clk 1:00:18]} 11. Ne5 {[%clk 1:14:08]} h6 {[%clk 0:57:21]} 12. h3
{[%clk 1:10:13]} a6 13. Bg3 {[%clk 1:05:31]} Rc8 {[%clk 0:45:54]} 14. f4
{[%clk 1:02:42]} b4 {[%clk 0:34:39]} 15. Bh4 {[%clk 0:49:35]} Rb8
{[%clk 0:31:48]} 16. Qe1 {[%clk 0:37:14]} bxc3 {[%clk 0:24:18]} 17. bxc3
{[%clk 0:37:34]} Ba8 {[%clk 0:23:09]} 18. Qc1 {[%clk 0:28:55]} Qc7
{[%clk 0:18:35]} 19. Nxd7 {[%clk 0:28:19]} Qxd7 {[%clk 0:17:38]} 20. Nf3
{[%clk 0:28:35]} Qc7 {[%clk 0:15:57]} 21. Ne5 {[%clk 0:27:12]} Rb6
{[%clk 0:13:04]} 22. f5 {[%clk 0:23:49]} exf5 {[%clk 0:11:07]} 23. Bxf5
{[%clk 0:23:41]} Bc6 {[%clk 0:08:00]} 24. Qc2 {[%clk 0:11:23]} Ne4
{[%clk 0:05:04]} 25. Bxe7 {[%clk 0:11:09]} Qxe7 {[%clk 0:05:26]} 26. Bxe4
{[%clk 0:11:17]} dxe4 {[%clk 0:05:38]} 27. Nxc4 {[%clk 0:11:18]} Rb5
{[%clk 0:02:57]} 28. Ne5 {[%clk 0:09:17]} Rxe5 {[%clk 0:02:18]} 29. dxe5
{[%clk 0:09:40]} Qxe5 {[%clk 0:02:09]} 30. Rf4 {[%clk 0:09:16]} g5
{[%clk 0:02:07]} 31. Rf2 {[%clk 0:07:59]} Bb5 {[%clk 0:01:58]} 32. Rc1
{[%clk 0:05:55]} Bc4 {[%clk 0:01:02]} 33. Qa4 {[%clk 0:05:30]} Rc8
{[%clk 0:00:46]} 34. Qd7 {[%clk 0:05:35]} Rc7 {[%clk 0:00:35]} 35. Qd8+
{[%clk 0:05:33]} Kh7 {[%clk 0:00:35]} 36. Rb1 {[%clk 0:04:16]} Bb5
{[%clk 0:00:35]} 37. Qd4 {[%clk 0:02:18]} Qe7 38. Rb4 {[%clk 0:02:03]} Bd3
{[%clk 0:00:40]} 39. Rb8 {[%clk 0:02:00]} Rd7 {[%clk 0:00:34]} 40. Qh8+
{[%clk 0:01:37]} Kg6 {[%clk 0:01:02]} 41. Rg8+ {[%clk 0:01:39]} Kh5
{[%clk 0:01:25]} 42. Rf6 {[%clk 0:28:36]} 1-0

[Event "68. Unterfränkische Einzelmeisterschaft 2017"]
[Site "Sailauf in Ufr."]
[Date "2017.04.21"]
[Round "8.7"]
[White "Hamlack, Heinz"]
[Black "Basel, Moritz"]
[Result "1/2-1/2"]
[BlackElo "1795"]
[WhiteElo "2003"]
[LiveChessVersion "1.4.8"]

1. Nf3 {[%clk 1:30:59]} d5 {[%clk 1:30:56]} 2. d4 {[%clk 1:31:01]} c6
{[%clk 1:31:23]} 3. e3 {[%clk 1:30:50]} Nf6 {[%clk 1:31:35]} 4. Bd3
{[%clk 1:29:42]} e6 {[%clk 1:32:02]} 5. O-O {[%clk 1:29:56]} c5 {[%clk 1:32:18]}
6. c3 {[%clk 1:30:05]} Nc6 {[%clk 1:32:28]} 7. Nbd2 {[%clk 1:30:02]} Be7
{[%clk 1:32:08]} 8. Re1 {[%clk 1:29:59]} O-O {[%clk 1:31:09]} 9. b3
{[%clk 1:28:08]} Bd7 {[%clk 1:21:32]} 10. Bb2 {[%clk 1:25:57]} Rc8
{[%clk 1:17:51]} 11. Rc1 {[%clk 1:26:06]} cxd4 {[%clk 1:16:23]} 12. exd4
{[%clk 1:26:13]} Qa5 {[%clk 1:02:26]} 13. a3 {[%clk 1:22:29]} Rfd8
{[%clk 0:55:08]} 14. b4 {[%clk 1:22:02]} Qb6 {[%clk 0:47:36]} 15. c4
{[%clk 1:21:56]} dxc4 {[%clk 0:47:41]} 16. Nxc4 {[%clk 1:20:53]} Qc7
{[%clk 0:48:03]} 17. Nce5 {[%clk 1:15:25]} Qb8 {[%clk 0:46:52]} 18. Qe2
{[%clk 1:13:04]} Be8 {[%clk 0:40:41]} 19. Bb1 {[%clk 1:12:19]} Bf8
{[%clk 0:38:59]} 20. b5 {[%clk 1:05:17]} Nxe5 {[%clk 0:38:47]} 21. dxe5
{[%clk 1:03:52]} Nd5 {[%clk 0:37:34]} 22. Bxh7+ {[%clk 1:02:32]} Kxh7
{[%clk 0:33:02]} 23. Ng5+ {[%clk 1:02:54]} Kh6 {[%clk 0:32:49]} 24. Qg4
{[%clk 1:02:56]} f5 {[%clk 0:30:19]} 25. Qh4+ {[%clk 1:00:49]} Bh5
{[%clk 0:30:37]} 26. Nf7+ {[%clk 0:58:00]} Kg6 {[%clk 0:31:02]} 27. Nh8+
{[%clk 0:46:06]} Kh6 {[%clk 0:31:13]} 28. Nf7+ {[%clk 0:45:56]} Kg6
{[%clk 0:31:38]} 1/2-1/2

[Event "68. Unterfränkische Einzelmeisterschaft 2017"]
[Site "Sailauf in Ufr."]
[Date "2017.04.21"]
[Round "8.8"]
[White "Gottfried, Elmar"]
[Black "Mueller, Lutz"]
[Result "0-1"]
[BlackElo "2043"]
[WhiteElo "1635"]
[LiveChessVersion "1.4.8"]

1. e4 {[%clk 1:30:55]} c5 {[%clk 1:30:42]} 2. Nf3 {[%clk 1:30:47]} d6
{[%clk 1:31:10]} 3. d4 {[%clk 1:31:06]} cxd4 {[%clk 1:31:39]} 4. Nxd4
{[%clk 1:31:20]} Nf6 {[%clk 1:32:05]} 5. Nc3 {[%clk 1:31:25]} g6 {[%clk 1:32:27]}
6. Be2 {[%clk 1:30:47]} Bg7 {[%clk 1:32:45]} 7. f3 {[%clk 1:28:31]} O-O
{[%clk 1:32:11]} 8. Be3 {[%clk 1:27:22]} Nc6 {[%clk 1:32:01]} 9. Qd2
{[%clk 1:27:10]} Bd7 {[%clk 1:29:54]} 10. O-O-O {[%clk 1:26:07]} Rc8
{[%clk 1:27:56]} 11. g4 {[%clk 1:25:11]} Nxd4 {[%clk 1:26:33]} 12. Bxd4
{[%clk 1:25:12]} b5 {[%clk 1:21:22]} 13. h4 {[%clk 1:16:08]} e5 {[%clk 1:17:32]}
14. Be3 {[%clk 1:14:28]} b4 {[%clk 1:12:55]} 15. Nd5 {[%clk 1:10:48]} Nxd5
{[%clk 1:11:47]} 16. exd5 {[%clk 1:08:26]} Qc7 {[%clk 1:07:11]} 17. h5
{[%clk 1:03:36]} e4 {[%clk 0:55:36]} 18. fxe4 {[%clk 0:59:15]} Bc3
{[%clk 0:54:09]} 19. bxc3 {[%clk 0:54:27]} bxc3 {[%clk 0:54:10]} 20. Qd4
{[%clk 0:54:47]} Qa5 {[%clk 0:50:51]} 21. Rdf1 {[%clk 0:52:33]} Qxa2
{[%clk 0:50:01]} 22. Kd1 {[%clk 0:52:44]} Rb8 {[%clk 0:43:24]} 23. Qxc3
{[%clk 0:47:22]} Rfc8 {[%clk 0:43:23]} 24. hxg6 {[%clk 0:40:51]} fxg6
{[%clk 0:43:23]} 25. Bc4 {[%clk 0:24:43]} Rxc4 {[%clk 0:38:46]} 26. Qf6
{[%clk 0:24:26]} Qxc2+ {[%clk 0:38:29]} 27. Ke1 {[%clk 0:24:12]} Rb1+
{[%clk 0:38:44]} 28. Bc1 {[%clk 0:24:36]} Rxc1# {[%clk 0:39:02]} 0-1